|
|
|
|
| LEADER |
00000nam0a2200000 4500 |
| 001 |
168250 |
| 005 |
20231031163039.0 |
| 010 |
|
|
|a 5774003787
|
| 020 |
|
|
|a RU
|b 91-5855
|
| 035 |
|
|
|a (RuTPU)RU\TPU\book\182545
|
| 090 |
|
|
|a 168250
|
| 100 |
|
|
|a 20091026d1990 m y0rusy5003 ca
|
| 101 |
0 |
|
|a rus
|
| 102 |
|
|
|a UA
|
| 105 |
|
|
|a a z 000ay
|
| 200 |
1 |
|
|a Первая разведка
|e документальные повести о малоизвестных подвигах донбассовцев в годы Великой Отечественной войны
|f В. Н. Братков
|
| 210 |
|
|
|a Донецк
|c Донбас
|d 1990
|
| 215 |
|
|
|a 163,[2] с.
|d 20 см
|
| 610 |
1 |
|
|a разведчики
|
| 610 |
1 |
|
|a Великая Отечественная война 1941-1945
|
| 686 |
|
|
|a Т3(2)722
|2 rubbk
|
| 700 |
|
1 |
|a Братков
|b В. Н.
|g Владимир Николаевич
|4 070
|
| 801 |
|
0 |
|a RU
|b RuMRKP
|c 19950417
|g psbo
|
| 801 |
|
1 |
|a RU
|b 63413507
|c 20091026
|
| 801 |
|
2 |
|a RU
|b 63413507
|c 20140228
|g RCR
|
| 942 |
|
|
|c BK
|